00377nam a2200145Ia 4500008004100000020001800041041000800059082001600067100001200083245006700095260003300162300000800195365001600203700001200219230718s9999 xx 000 0 und d a9788172241896 aeng a621.51bPAR aParr A. aHydraulics And PneumaticsbA Technician's And Engineer's Guide c2005bJaico Publishing House a223 cRs.b325.00 aParr A.